| 000 | 00573nam a22001817a 4500 | ||
|---|---|---|---|
| 003 | OSt | ||
| 005 | 20260124021538.0 | ||
| 008 | 251217b |||||||| |||| 00| 0 eng d | ||
| 020 | _a971-569-429-2 | ||
| 040 |
_aDWCL Main Lib. _cOC |
||
| 082 | _aSC. 581.09599 M2677d 2001 | ||
| 100 | _aMadulid, Domingo A. | ||
| 245 |
_aA dictionary of Philipine plant names, vol. 2 : _bscientific name-local name/ _cDomingo A. Madulid |
||
| 260 |
_aMakati City : _bBbookmark, _cc. 2001. |
||
| 300 |
_a327 p. ; _c25 cm. |
||
| 500 | _aInclude selected references. | ||
| 942 |
_2ddc _cSC _kSC. _n0 |
||
| 999 |
_c7166 _d7166 |
||